| 000 | 00941nam a2200337 a 4500 | ||
|---|---|---|---|
| 003 | AR-BaBNM | ||
| 005 | 20251128205122.0 | ||
| 008 | 082120s2002 ||||||||||||||000 | spa|| | ||
| 020 | _a968-16-2375-4 | ||
| 040 | _cAR-BaBNM | ||
| 100 | 1 | _aPalmier, Jean-Michel | |
| 245 | 0 | 0 |
_aHegel _bensayo sobre la formación del sistema hegeliano |
| 250 | _a1ª ed. | ||
| 260 |
_aMéxico, D.F. _bFondo de Cultura Económica _c1993 |
||
| 300 | _a118 p. | ||
| 490 | 0 |
_aBreviarios _vv. 220 |
|
| 500 | _aContiene referencias bibliográficas en 111 | ||
| 600 | 1 | 4 | _aKierkegaard, Soren |
| 650 | 4 | _aBIOGRAFIAS | |
| 650 | 4 | _aESCUELAS FILOSOFICAS | |
| 650 | 4 | _aFILOSOFIA DEL DERECHO | |
| 650 | 4 | _aFILOSOFIA DEL ESPIRITU | |
| 650 | 4 | _aFILOSOFIA DE LA HISTORIA | |
| 650 | 4 | _aFENOMENOLOGIA | |
| 650 | 4 | _aFILOSOFOS | |
| 650 | 4 | _aLOGICA | |
| 655 | _aBIOGRAFIAS | ||
| 700 | 1 |
_aUtrilla, Juan José _etraductor |
|
| 942 | _cBK | ||
| 998 | _cMARTIN | ||
| 999 |
_c10061 _d10061 |
||